| 000 | 01113nam a2200229Ia 4500 | ||
|---|---|---|---|
| 003 | OSt | ||
| 005 | 20250410150855.0 | ||
| 008 | 191128t1999 spa gr 000 f spa d | ||
| 020 | _a8439582676 | ||
| 040 |
_aCO-JMCR _cCO-JMCR |
||
| 041 | _aspa | ||
| 082 | 0 | 4 |
_aA-N _bBENc |
| 100 | 1 |
_aBenítez, J. J., _d1946 _eautor _99914 |
|
| 245 | 0 |
_aCaballo de troya : _bJerusalén / _hJ. J. Benítez |
|
| 260 |
_aMadrid : _bPlaneta deagostini, _c©1999 |
||
| 300 |
_a412 páginas ; _c23 cm. |
||
| 490 | _aBiblioteca J.J. Benítez | ||
| 505 | _aWashington -- México D.F. -- Tabasco -- Yucatán -- España -- Washington -- El diario -- 30 de marzo, jueves -- 31 de marzo, viernes -- 1 de abril, sábado -- 2 de abril, domingo -- 3 de abril, lunes -- 4 de abril, martes -- 5 de abril, miercoles | ||
| 520 | _a"Una documentación que pone al descubierto multitud de datos nuevos sobre la figura y la obra de Jesús de Nazaret. Podemos asegurar que -tal y como sospecha buena parte de la humanidad- las grandes potencias ocultan muchos de sus proyectos espaciales" | ||
| 650 | 0 | 4 |
_aNovela española _99918 |
| 942 |
_2ddc _cBK |
||
| 999 |
_c3233 _d3233 |
||